000 00334nam a2200133Ia 4500
008 100328s9999 xx 000 0 und d
082 _b69782
100 _aठाकूर दिलीप.
245 _aझिंग.
260 _bश्रीकल्प.
630 _aझिंग.
730 _aझिंग.
942 _cBOOK
999 _c555512
_d555509